000 01526 a2200253 4500
005 20250205084359.0
020 _a9780367562106
050 0 0 _aH 1441
_bSOC 2022
245 0 0 _aSocial work, social welfare, unemployment and vulnerability among youth /
_cedited by Vibeke Bak Nielsen, Petra Malin, Ilse Julkunen and Lars Uggerhj̜.
264 1 _aLondon ;
_aNew York :
_bRoutledge Taylor & Francis Group,
_c2022.
300 _axiii, 146 pages ;
336 _atext
_btxt
_2rdacontent
337 _aunmediated
_bn
_2rdamedia
338 _avolume
_bnc
_2rdacarrier
504 _aIncludes bibliographical references and index.
520 _a"Social Work, Social Welfare, Unemployment and Vulnerability Among Youth critically analyses contemporary welfare state interventions on unemployment and poverty among youth in a context of societal transformation. It also considers how we can develop future knowledge and methods in evolving welfare institutions. It will be of interest to all scholars, students and professionals working within the following fields: social work, social policy, child and youth studies and sociology"--
650 0 _aPoor youth
_xSocial conditions.
650 0 _aPoor youth
_xServices for
650 0 _aUnemployed youth
_xServices for
650 0 _aSocial work with youth
700 1 _aNielsen, Vibeke Bak,
_eeditor.
942 _2lcc
_cBK
_h1441
_iSOC
_kHV
999 _c11441
_d11441